00886 2200301 4500001002100000005001500021035002000036007000300056008004100059020002200100082001700122084001900139100002700158245008100185250002500266300003000291650003200321264003400353336002100387337003000408338002300438040002200461090002200483850001200505999002200517700002300539990002200562INLIS00000000087892120230531112529 a0010-0523000798ta230531s2022 yoi g p ind d a978-623-261-598-404223a899.2211 a899.2211 SRI s0 aSri SuryaniePengarang10aSabda alam :bkumpulan puisi tentang rasa /cSri Suryani; penyunting, Hanita aCetakan I, Juli 2022 aviii, 47 halaman ;c21 cm 4aPuisi Indonesia--xKumpulan31aBantul :bSamudra Biru,c2022 2rdacontentateks 2rdamediaatanpa perantara 2rdacarrieravolume aYOPDYOGbinderda aCB-D.11 2022-3643 aYOPDYOG aCB-D.11/2022-36430 aHanitaePenyunting aCB-D.11/2022-3643